NCAA Power 5 Conference Schools by State - Statistics

General Stats
  • This quiz has been taken 1,807 times
  • The average score is 60 of 64
Answer Stats
State School % Correct
Alabama Alabama
100%
Arizona Arizona
99%
Arizona Arizona State
99%
Arkansas Arkansas
99%
Florida Florida
99%
Colorado Colorado
98%
Florida Florida State
98%
Georgia Georgia
98%
Iowa Iowa
98%
Illinois Illinois
97%
Indiana Indiana
97%
Iowa Iowa State
97%
Kansas Kansas
97%
Kansas Kansas State
97%
Kentucky Kentucky
97%
Maryland Maryland
97%
Michigan Michigan
97%
Michigan Michigan State
97%
Mississippi Mississippi
97%
Missouri Missouri
97%
Nebraska Nebraska
97%
North Carolina North Carolina
97%
Ohio Ohio State
97%
Oklahoma Oklahoma
97%
Oregon Oregon
97%
Texas Texas
97%
California UCLA
97%
Alabama Auburn
96%
California California
96%
Louisiana LSU
96%
Minnesota Minnesota
96%
Mississippi Mississippi State
96%
Oklahoma Oklahoma State
96%
Oregon Oregon State
96%
South Carolina South Carolina
96%
Tennessee Tennessee
96%
California USC
96%
Utah Utah
96%
Virginia Virginia
96%
Washington Washington
96%
West Virginia West Virginia
96%
Wisconsin Wisconsin
96%
Pennsylvania Penn State
95%
Washington Washington State
95%
Georgia Georgia Tech
94%
Florida Miami
94%
Texas Texas Tech
92%
Virginia Virginia Tech
92%
North Carolina North Carolina State
91%
North Carolina Duke
90%
Kentucky Louisville
89%
Massachusetts Boston College
88%
South Carolina Clemson
88%
Texas Texas A&M
88%
Pennsylvania Pittsburgh
87%
New Jersey Rutgers
87%
California Stanford
85%
Texas Baylor
84%
New York Syracuse
84%
Texas Texas Christian
84%
Indiana Purdue
83%
Tennessee Vanderbilt
83%
Illinois Northwestern
82%
North Carolina Wake Forest
75%
No matching quizzes found
Score Distribution
Percent of People with Each Score
Percentile by Number Answered
Your Score History
You have not taken this quiz